Name in the History of Psychology A Biographical Sourcebook (Record no. 176926)
[ view plain ]
| 000 -LEADER | |
|---|---|
| fixed length control field | 00470 a2200157 4500 |
| 003 - CONTROL NUMBER IDENTIFIER | |
| control field | Nust |
| 005 - DATE AND TIME OF LATEST TRANSACTION | |
| control field | 20221205101728.0 |
| 040 ## - CATALOGING SOURCE | |
| Transcribing agency | Nust |
| 082 ## - DEWEY DECIMAL CLASSIFICATION NUMBER | |
| Classification number | 150.92,SUB |
| 100 ## - MAIN ENTRY--PERSONAL NAME | |
| Personal name | Leonard Zusne |
| 245 ## - TITLE STATEMENT | |
| Title | Name in the History of Psychology A Biographical Sourcebook |
| Statement of responsibility, etc. | Leonard Zusne |
| 260 ## - PUBLICATION, DISTRIBUTION, ETC. | |
| Place of publication, distribution, etc. | Islamabad |
| Name of publisher, distributor, etc. | National Book Foundation |
| 300 ## - PHYSICAL DESCRIPTION | |
| Extent | xvii,489 p.; |
| 505 ## - FORMATTED CONTENTS NOTE | |
| Formatted contents note | All Names in the History of Psychology A Biographical Sourcebook |
| 942 ## - ADDED ENTRY ELEMENTS (KOHA) | |
| Source of classification or shelving scheme | |
| Koha item type | Book |
| Call number prefix | 150.92,SUB |
| Withdrawn status | Lost status | Source of classification or shelving scheme | Damaged status | Not for loan | Permanent Location | Current Location | Shelving location | Date acquired | Full call number | Barcode | Date last seen | Price effective from | Koha item type | Public note |
|---|---|---|---|---|---|---|---|---|---|---|---|---|---|---|
| Military College of Signals (MCS) | Military College of Signals (MCS) | General Stacks | 12/12/2016 | 150.92,SUB | MCS34379 | 12/08/2016 | 12/12/2016 | Book | Almirah No.46, Shelf No.3 | |||||
| Military College of Signals (MCS) | Military College of Signals (MCS) | General Stacks | 12/12/2016 | 150.92,SUB | MCS34380 | 12/08/2016 | 12/12/2016 | Book | Almirah No.73, Shelf No.1 |
